000 00424nam a2200157 i 4500
001 bg
100 1 _aECKHOLM, Erik P.
245 0 _aCzłowiek i środowisko :
_bekologiczne przesłanki dobrobytu i zdrowia /
_cErik P. Eckholm.
260 _aWarszawa,
_c1980.
650 9 _aŚrodowisko człowieka
040 _cBPK
041 _apol
080 _a614:616:502.5
942 _cKS
008 s pl f |000 0 pol
999 _c21643
_d21643
856 _uhttp://koha.tu.koszalin.pl/cgi-bin/koha/opac-detail.pl?biblionumber=21643
_yKatalog online BPK